Blackstone's statutes on public law (Record no. 3562)

MARC details
000 -LEADER
fixed length control field 02319cas a2200601 a 4500
001 - CONTROL NUMBER
control field 13574516
003 - CONTROL NUMBER IDENTIFIER
control field OSt
005 - DATE AND TIME OF LATEST TRANSACTION
control field 20230704083607.0
008 - FIXED-LENGTH DATA ELEMENTS--GENERAL INFORMATION
fixed length control field 040427c19999999enkar l 0 0eng c
010 ## - LIBRARY OF CONGRESS CONTROL NUMBER
LC control number 2004202471
015 ## - NATIONAL BIBLIOGRAPHY NUMBER
National bibliography number GBA902373
Source bnb
016 ## - NATIONAL BIBLIOGRAPHIC AGENCY CONTROL NUMBER
Record control number 011102849
016 7# - NATIONAL BIBLIOGRAPHIC AGENCY CONTROL NUMBER
Record control number 011102849
Source Uk
035 ## - SYSTEM CONTROL NUMBER
System control number (OCoLC)ocm54006898
040 ## - CATALOGING SOURCE
Original cataloging agency WCL
Language of cataloging eng
Transcribing agency WCL
Modifying agency DLC
-- LVB
-- DLC
-- OCLCG
-- OCLCQ
-- OCLCA
-- YDXCP
-- OCLCF
-- OCLCO
-- OCLCQ
-- YDX
-- UKMGB
-- OCLCO
-- OCL
042 ## - AUTHENTICATION CODE
Authentication code pcc
043 ## - GEOGRAPHIC AREA CODE
Geographic area code e-uk---
050 00 - LIBRARY OF CONGRESS CALL NUMBER
Classification number KD3930.A29
Item number B58
082 ## - DEWEY DECIMAL CLASSIFICATION NUMBER
Classification number 344.1
Item number WAL
245 00 - TITLE STATEMENT
Title Blackstone's statutes on public law
Statement of responsibility, etc. edited by Peter Wallington and Robert G. Lee.
246 30 - VARYING FORM OF TITLE
Title proper/short title Public law & human rights
246 30 - VARYING FORM OF TITLE
Title proper/short title Statutes on public law & human rights
260 ## - PUBLICATION, DISTRIBUTION, ETC. (IMPRINT)
Place of publication, distribution, etc. Oxford :
Name of publisher, distributor, etc. Oxford University Press
300 ## - PHYSICAL DESCRIPTION
Extent volumes ;
Dimensions 23 cm.
310 ## - CURRENT PUBLICATION FREQUENCY
Current publication frequency Annual
336 ## - CONTENT TYPE
Content type term text
Content type code txt
Source rdacontent
337 ## - MEDIA TYPE
Media type term unmediated
Media type code n
Source rdamedia
338 ## - CARRIER TYPE
Carrier type term volume
Carrier type code nc
Source rdacarrier
362 1# - DATES OF PUBLICATION AND/OR SEQUENTIAL DESIGNATION
Dates of publication and/or sequential designation Began with 9th ed. in 1999.
490 1# - SERIES STATEMENT
Series statement Blackstone's statutes
588 ## - SOURCE OF DESCRIPTION NOTE
Source of description note Description based on: 12th ed. (2002/2003).
588 ## - SOURCE OF DESCRIPTION NOTE
Source of description note Latest issue consulted: 13th ed. (2003/2004).
650 #0 - SUBJECT ADDED ENTRY--TOPICAL TERM
Topical term or geographic name as entry element Public law
Geographic subdivision Great Britain.
650 #0 - SUBJECT ADDED ENTRY--TOPICAL TERM
Topical term or geographic name as entry element Civil rights
Geographic subdivision Great Britain.
650 #0 - SUBJECT ADDED ENTRY--TOPICAL TERM
Topical term or geographic name as entry element Public law
Geographic subdivision Great Britain
Form subdivision Periodicals.
650 #0 - SUBJECT ADDED ENTRY--TOPICAL TERM
Topical term or geographic name as entry element Human rights
Geographic subdivision Great Britain
Form subdivision Periodicals.
650 #6 - SUBJECT ADDED ENTRY--TOPICAL TERM
Topical term or geographic name as entry element Droit public
Geographic subdivision Grande-Bretagne
Form subdivision Périodiques.
650 #6 - SUBJECT ADDED ENTRY--TOPICAL TERM
Topical term or geographic name as entry element Droits de l'homme (Droit international)
Geographic subdivision Grande-Bretagne
Form subdivision Périodiques.
650 #6 - SUBJECT ADDED ENTRY--TOPICAL TERM
Topical term or geographic name as entry element Droit public
Geographic subdivision Grande-Bretagne.
650 #7 - SUBJECT ADDED ENTRY--TOPICAL TERM
Topical term or geographic name as entry element Human rights.
Source of heading or term fast
Authority record control number (OCoLC)fst00963285
650 #7 - SUBJECT ADDED ENTRY--TOPICAL TERM
Topical term or geographic name as entry element Civil rights.
Source of heading or term fast
Authority record control number (OCoLC)fst00862627
650 #7 - SUBJECT ADDED ENTRY--TOPICAL TERM
Topical term or geographic name as entry element Public law.
Source of heading or term fast
Authority record control number (OCoLC)fst01082619
651 #7 - SUBJECT ADDED ENTRY--GEOGRAPHIC NAME
Geographic name Great Britain.
Source of heading or term fast
Authority record control number (OCoLC)fst01204623
655 #7 - INDEX TERM--GENRE/FORM
Genre/form data or focus term Periodicals.
Source of term fast
Authority record control number (OCoLC)fst01411641
700 1# - ADDED ENTRY--PERSONAL NAME
Personal name Wallington, Peter.
700 1# - ADDED ENTRY--PERSONAL NAME
Personal name Lee, R. G.
Fuller form of name (Robert Gregory),
Dates associated with a name 1952-
780 00 - PRECEDING ENTRY
Title Blackstone's statutes on public law
830 #0 - SERIES ADDED ENTRY--UNIFORM TITLE
Uniform title Blackstone's statutes.
906 ## - LOCAL DATA ELEMENT F, LDF (RLIN)
a 7
b cbc
c serials
d 2
e ncip
f 20
g n-oclcserc
942 ## - ADDED ENTRY ELEMENTS (KOHA)
Source of classification or shelving scheme Dewey Decimal Classification
Koha item type Books
Holdings
Withdrawn status Lost status Source of classification or shelving scheme Damaged status Not for loan Home library Current library Date acquired Total Checkouts Full call number Barcode Date last seen Price effective from Koha item type
    Dewey Decimal Classification     County Hall Archives County Hall Archives 07/04/2023   344.1 WAL 10001350 07/04/2023 07/04/2023 Books
LIBRARY OPENING HOURS

When the Parliament is sitting: 8.00a.m - 7.00p.m or until the house adjourns
Mondays and Fridays and when the House is on Recess:  8.00a.m - 5.00p.m
Closed on Weekends and Public Holidays

Online Public Access Catalog (OPAC)
Website: http://www.parliament.go.ke
Bunge Library: https://libraryir.parliament.go.ke
Contact: library@parliament.go.ke | Tel no: (254-2)2221291 or 2848000 Ext 5043